বাংলাদেশের প্রাতিষ্ঠানিক ফোকলোর চর্চা / (Record no. 79968)
[ view plain ]
| 000 -LEADER | |
|---|---|
| fixed length control field | 01014nam a2200253 a 4500 |
| 001 - CONTROL NUMBER | |
| control field | 79968 |
| 003 - CONTROL NUMBER IDENTIFIER | |
| rucl marc code | BD-RjUL |
| 005 - DATE AND TIME OF LATEST TRANSACTION | |
| control field | 20230730135512.0 |
| 008 - FIXED-LENGTH DATA ELEMENTS--GENERAL INFORMATION | |
| fixed length control field | 220614s2022 bg ||||| |||| 00| 0 ben d |
| 020 ## - INTERNATIONAL STANDARD BOOK NUMBER | |
| International Standard Book Number | 9789849452182 |
| 035 ## - SYSTEM CONTROL NUMBER | |
| System control number | (BD-RjUL)79968 |
| 040 ## - CATALOGING SOURCE | |
| Original cataloging agency | BD-RjUL |
| Language of cataloging | eng |
| Transcribing agency | BD-RjUL |
| 041 ## - LANGUAGE CODE | |
| Language code of text/sound track or separate title | ben |
| 082 ## - DEWEY DECIMAL CLASSIFICATION NUMBER | |
| Edition number | 23 |
| Classification number | 398.2095492 |
| Author mark and year | BIB 2023 |
| 100 ## - MAIN ENTRY--PERSONAL NAME | |
| Personal name | বিশ্বাস, উদয় শংকর |
| 9 (RLIN) | 3603 |
| 245 10 - TITLE STATEMENT | |
| Title | বাংলাদেশের প্রাতিষ্ঠানিক ফোকলোর চর্চা / |
| Statement of responsibility, etc. | উদয় শংকর বিশ্বাস |
| 260 ## - PUBLICATION, DISTRIBUTION, ETC. (IMPRINT) | |
| Place of publication, distribution, etc. | ঢাকা : |
| Name of publisher, distributor, etc. | শুভ্র প্রকাশ, |
| Date of publication, distribution, etc. | ২০২২,২০২৩ |
| 300 ## - PHYSICAL DESCRIPTION | |
| Pagination | ২৮৭ পৃ.; |
| Size | ২২ সেমি. |
| 650 ## - SUBJECT ADDED ENTRY--TOPICAL TERM | |
| Topical term or geographic name as entry element | ফোকলোর |
| Geographic subdivision | বাংলাদেশ |
| 9 (RLIN) | 3604 |
| Topical term or geographic name as entry element | Folklore |
| Geographic subdivision | Bangladesh |
| Topical term or geographic name as entry element | ফোকলোর |
| General subdivision | অধ্যয়ন এবং শিক্ষণ |
| 9 (RLIN) | 3605 |
| Topical term or geographic name as entry element | Folklore |
| General subdivision | Study and teaching |
| 9 (RLIN) | 3606 |
| 942 ## - ADDED ENTRY ELEMENTS (KOHA) | |
| Source of classification or shelving scheme | Dewey Decimal Classification |
| Koha item type | Books |
| Lost status | Source of classification or shelving scheme | Damaged status | Not for loan | Collection code | Permanent Location | Current Location | Shelving location | Date acquired | Source of acquisition | Cost, normal purchase price | Total Checkouts | Full call number | Date last seen | Copy number | Koha item type | Date checked out |
|---|---|---|---|---|---|---|---|---|---|---|---|---|---|---|---|---|
| Dewey Decimal Classification | Not For Loan | Non-fiction | Central Library, University of Rajshahi | Central Library, University of Rajshahi | Reading Room | 22/05/2022 | Author | 320.00 | B 398.2095492 BIB 2022 | 14/06/2022 | C-1 | Books | ||||
| Dewey Decimal Classification | Non-fiction | Central Library, University of Rajshahi | Central Library, University of Rajshahi | General Stacks | 22/05/2022 | Author | 320.00 | 5 | B 398.2095492 BIB 2022 | 25/02/2026 | C-2 | Books | 17/02/2026 | |||
| Dewey Decimal Classification | Non-fiction | Central Library, University of Rajshahi | Central Library, University of Rajshahi | General Stacks | 22/05/2022 | Author | 320.00 | B 398.2095492 BIB 2022 | 14/06/2022 | C-3 | Books | |||||
| Dewey Decimal Classification | Non-fiction | Central Library, University of Rajshahi | Central Library, University of Rajshahi | General Stacks | 22/05/2022 | Author | 320.00 | B 398.2095492 BIB 2022 | 03/07/2022 | C-4 | Books | |||||
| Dewey Decimal Classification | Non-fiction | Central Library, University of Rajshahi | Central Library, University of Rajshahi | General Stacks | 22/05/2022 | Author | 320.00 | B 398.2095492 BIB 2022 | 03/07/2022 | C-5 | Books | |||||
| Dewey Decimal Classification | Non-fiction | Central Library, University of Rajshahi | Central Library, University of Rajshahi | General Stacks | 07/06/2023 | Rajshahi : Biddasagar | 487.50 | B 398.2095492 BIB 2023 | 30/07/2023 | C-6 | Books | |||||
| Dewey Decimal Classification | Non-fiction | Central Library, University of Rajshahi | Central Library, University of Rajshahi | General Stacks | 07/06/2023 | Rajshahi : Biddasagar | 487.50 | B 398.2095492 BIB 2023 | 30/07/2023 | C-7 | Books | |||||
| Dewey Decimal Classification | Non-fiction | Central Library, University of Rajshahi | Central Library, University of Rajshahi | General Stacks | 07/06/2023 | Rajshahi : Biddasagar | 487.50 | B 398.2095492 BIB 2023 | 10/08/2023 | C-8 | Books |